Fragen zu Deutschland - Statistiken

Allgemein
  • Dieses Quiz wurde 543 mal gespielt
  • Das Durchschnittsergebnis liegt bei 9 aus 10
Antwortstatistiken
Frage Antwort % Korrekt
Wie viele Bundesländer hat Deutschland 16
100%
Was ist die Hauptstadt von Deutschland Berlin
100%
Welche Städte sind Staatsstädte Berlin,Bremen,Hamburg
100%
In ______________ wird das Oktoberfest gefeiert München
100%
Wie viele Einwohner hat Deutschland 82 Mio
96%
Wie viele Nachbarn hat Deutschland 9
96%
Hessens größte Stadt ist... Frankfurt
96%
Welche Flüsse existieren in Deutschland? Mosel
87%
Der höchste Berg Deutschlands ist _________ hoch ca.2960
74%
Welches Bundesland ist nach einer Stadt benannt Brandenburg
57%
Keine übereinstimmenden Quizze gefunden
Verteilung der Resultate
Anzahl Personen mit jedem Resultat
Perzentil nach korrekt beantworteten Fragen
Ihre Resultats-Entwicklung
Sie haben dieses Quiz noch nicht gespielt